Normal view
MARC view
Entry Topical Term
001 - CONTROL NUMBER
- control field: 7138
003 - CONTROL NUMBER IDENTIFIER
- control field: dpl
005 - DATE AND TIME OF LATEST TRANSACTION
- control field: 20100805155331.0
008 - FIXED-LENGTH DATA ELEMENTS
- fixed length control field: 100805|||a|||||| | ||| d
040 ## - CATALOGING SOURCE
- Original cataloging agency: dpl
- Transcribing agency: dpl
150 ## - HEADING--TOPICAL TERM
- Topical term or geographic name as entry element: Plant anatony
670 ## - SOURCE DATA FOUND
- Source citation: Work cat.: (dpl)39219: Chinnapappu, P. 7137, Embryology, microtechnique and plant anatomy /, 2009
670 ## - SOURCE DATA FOUND
- Source citation: Work cat.: (dpl)39219: Chinnapappu, P. 7137, Embryology, microtechnique and plant anatomy /, 2009
